| 000 | 01538nam0a2200325 4500 | ||
|---|---|---|---|
| 001 | RU\NLR\bibl\73704 | ||
| 005 | 20250616100700.0 | ||
| 010 |
_a5-93111-020-8 _950000 |
||
| 021 |
_aRU _b1999-45145 _92224 |
||
| 035 | _a(NLR Aleph) 000071911 | ||
| 090 |
_a396947 _c396947 |
||
| 100 | _a20000309d1999 |||y0rusy50 ca | ||
| 101 | 0 | _arus | |
| 102 | _aRU | ||
| 105 | _aac ||||||||| | ||
| 200 | 1 |
_aОтчет депутата _e[Отчет депутата Гос. Думы РФ от Том. обл. за свою депут. работу в 1995-1999 гг.] _fСтепан Сулакшин |
|
| 210 |
_aТомск _cБ.и. _d1999 |
||
| 215 |
_a[1], 93, [1] с. _cил., портр. _d20 |
||
| 300 | _aНа 4-й с. обл. авт.: С.С. Сулакшин д.ф.-м.н., проф. | ||
| 320 | _aПубл. в прессе по депут. деятельности С. Сулакшина в конце кн. | ||
| 601 | 0 | 2 |
_aРоссийская Федерация _bФедеральное Собрание _bГосударственная Дума _xДепутаты _92154747 _3RU\NLR\auth\661297293 |
| 601 | 0 | 2 |
_aРоссийская Федерация _bГосударственная Дума _xДепутаты _92154737 _3RU\NLR\auth\661297288 |
| 686 | _aХ620.527 | ||
| 700 | 1 |
_aСулакшин _bС. С. _f1954- _gСтепан Степанович _4070 |
|
| 801 | 0 |
_aRU _bNLR _c20000309 _gPSBO |
|
| 801 | 1 |
_aRU _bNLR _c20000309 |
|
| 852 |
_aNLR _j99-4/10157 |
||
| 942 | _cBOOK | ||
| 980 | _aNB | ||